| 000 | 01126nam a22002657a 4500 | ||
|---|---|---|---|
| 003 | OSt | ||
| 005 | 20260313105420.0 | ||
| 007 | Texto | ||
| 008 | 140311b xxu||||| |||| 00| 0 eng d | ||
| 040 |
_aBIESPA _bspa _cBIESPA |
||
| 041 |
_mspa _nspa |
||
| 082 |
_221 _a342.0684026 _bP187le |
||
| 100 | _aAsamblea Legislativa | ||
| 245 |
_aLey No. 18 de la Policía Nacional (3 de Junio 1997): Reglamento Disciplinario, Decreto Ejecutivo No. 204, Decreto Ejecutivo 172 1999, Ley 69, Se Crea la Dirección de Investigación Judicial en la Policía Nacional/ _cAsamblea Legislativa |
||
| 260 |
_aPanamá: _bM.P., _c1997 |
||
| 300 |
_a174 páginas, _c21 cm. |
||
| 440 | _aEjemplar 1684, Ubicación Leyes de Panamá. | ||
| 500 | _aEscrito en el idioma español. Primera edición. | ||
| 650 |
_2Tesauros _aPolicía Nacional _xLegislación _zPanamá |
||
| 650 |
_2Tesauros _aReglamento Disciplinario |
||
| 650 |
_2Tesauros _aDerecho Constitucional |
||
| 650 |
_2Tesauros _aRégimen Disciplinario |
||
| 856 |
_uhttp://biespaext.procuraduria-admon.gob.pa/files/original/355d91f7ea8271f5db2c80ae61a0f752.pdf _yIndice |
||
| 942 |
_2ddc _cBK |
||
| 999 |
_c1951 _d1951 |
||